Theological education that makes a difference : (Record no. 14767)

MARC details
000 -LEADER
fixed length control field 00617nam a22001932 4500
001 - CONTROL NUMBER
control field 0000015409
003 - CONTROL NUMBER IDENTIFIER
control field OSt
005 - DATE AND TIME OF LATEST TRANSACTION
control field 20140825164614.0
008 - FIXED-LENGTH DATA ELEMENTS--GENERAL INFORMATION
fixed length control field 090318s2002 xx 000 0 eng d
040 ## - CATALOGING SOURCE
Original cataloging agency PUL
Transcribing agency PUL
050 ## - LIBRARY OF CONGRESS CALL NUMBER
Classification number BX8322.M3
Item number C48 2002
100 1# - MAIN ENTRY--PERSONAL NAME
Personal name Church, Henry G.
245 10 - TITLE STATEMENT
Title Theological education that makes a difference :
Remainder of title church growth in the Free Methodist Church in Malawi and Zimbabwe /
Statement of responsibility, etc Henry G. Church.
260 ## - PUBLICATION, DISTRIBUTION, ETC. (IMPRINT)
Place of publication, distribution, etc Blantyre, Malawi :
Name of publisher, distributor, etc Christian Literature Association in Malawi,
Date of publication, distribution, etc c2002.
300 ## - PHYSICAL DESCRIPTION
Extent 214 p. ;
Dimensions 22 cm.
650 #0 - SUBJECT ADDED ENTRY--TOPICAL TERM
Topical term or geographic name as entry element Theology.
908 ## - PUT COMMAND PARAMETER (RLIN)
Put command parameter 090318
942 ## - ADDED ENTRY ELEMENTS (KOHA)
Source of classification or shelving scheme Library of Congress Classification
Koha item type General circulation books
Holdings
Withdrawn status Lost status Source of classification or shelving scheme Damaged status Not for loan Home library Current library Date acquired Source of acquisition Total Checkouts Full call number Barcode Date last seen Price effective from Koha item type
    Library of Congress Classification     Presbyterian University of East Africa - Main Library Presbyterian University of East Africa - Main Library 26/12/2012 Donation   BX8322.M3 C48 2002 020020017809 26/12/2012 26/12/2012 General circulation books
© Customized & Maintained by Eunice Ngesa